|
|
|
|
| LEADER |
00967ncm a22002412a 4500 |
| 001 |
001355459 |
| 003 |
CZ BrMZK |
| 005 |
20150226143417.0 |
| 007 |
qu |
| 008 |
131218s1942 xr |||||||||||||||||zxx d |
| 040 |
|
|
|a BOA001
|b cze
|
| 072 |
|
7 |
|a 785
|x Instrumentální hudba. Symfonická hudba. Hudba pro více nástrojů
|2 Konspekt
|9 9
|
| 100 |
1 |
|
|a Lamp, Rudolf,
|d 1905-1967
|7 xx0092091
|4 cmp
|4 lyr
|
| 245 |
1 |
0 |
|a Odešlo mi štěstí
|h [hudebnina] :
|b boleslavská polka /
|c slova i hudba: Rudolf Lamp. Vrať mi tu růžičku : valčíková píseň / hudba: Josef Řehoř ; slova: V. Sýkora
|
| 260 |
|
|
|a Praha :
|b Grando,
|c c1942
|
| 300 |
|
|
|a 17 hlasů
|
| 700 |
1 |
|
|a Řehoř, Josef,
|d 1885-1960
|7 xx0008065
|4 cmp
|
| 700 |
1 |
|
|a Sýkora, Vilda,
|d 1903-1974
|7 jk01122217
|4 lyr
|
| 740 |
0 |
2 |
|a Vrať mi tu růžičku
|
| 910 |
|
|
|a BOA001
|b Mus4-0165.881
|
| 990 |
|
|
|a MU
|
| 991 |
|
|
|b 201312
|
| 996 |
6 |
|
|b 2619615255
|c Mus4-0165.881
|l MZK
|r Sklad / do 1 hodiny
|n 0
|w 001390375
|u 000010
|a 1
|e BOA001
|j MZK50
|s P
|